|
|
|
|
| LEADER |
01134nam a2200325 a 4500 |
| 001 |
33894 |
| 003 |
BD-DhAAL |
| 005 |
20211116162749.0 |
| 008 |
181024t1983 mau b 001 0 eng |
| 999 |
|
|
|c 39526
|d 39526
|
| 020 |
|
|
|a 0674961862
|
| 020 |
|
|
|a 0674961870
|
| 020 |
|
|
|a 9780674961876
|
| 035 |
|
|
|a 591806
|
| 040 |
|
|
|a LC
|b eng
|c LC
|d WLB
|d BD-DhAAL
|
| 050 |
0 |
0 |
|a PN81
|b .S223 1983
|
| 082 |
0 |
4 |
|a 801.95
|2 23
|
| 100 |
1 |
|
|a Said, Edward W.
|9 28609
|
| 245 |
1 |
4 |
|a The world, the text, and the critic /
|c Edward W. Said
|
| 260 |
|
|
|a Cambridge, Mass. :
|b Harvard University Press,
|c 1983.
|
| 300 |
|
|
|a vi, 327 pages ;
|c 24 cm.
|
| 504 |
|
|
|a Includes bibliographical references and index.
|
| 526 |
|
|
|a ARC
|
| 541 |
|
|
|a Trim Education
|e 33894
|
| 650 |
|
0 |
|a Criticism.
|9 28610
|
| 650 |
|
0 |
|a Literature
|x History and criticism.
|9 28611
|
| 650 |
|
0 |
|a Architecture
|9 42751
|
| 852 |
|
|
|a Ayesha Abed Library
|c General Stacks
|
| 942 |
|
|
|2 ddc
|c BK
|
| 952 |
|
|
|0 0
|1 0
|2 ddc
|4 0
|6 801_950000000000000_SAI
|7 0
|9 64519
|a BRACUL
|b BRACUL
|c GEN
|d 2018-10-22
|e Trim Education
|g 2985.00
|l 3
|m 14
|o 801.95 SAI
|p 3010033894
|r 2025-10-19
|s 2025-10-07
|t 1
|v 2985.00
|w 2018-10-22
|y BK
|